000
00334nam a2200121Ia 4500
008
230724s2012 xx und d
020
_a
9788190662529
041
_a
eng
100
_a
BRANDS U.
245
_a
DESIGN BY USE THE EVERYDAY METAMORPHOSIS
260
_b
BOARD OF INTERNATIONAL RESEARCH IN DESIGN BORD
_c
2012
300
_a
192
999
_c
1174808
_d
1174808